|
|
|
|
| LEADER |
00791cam a2200229 7i4500 |
| 001 |
0000033874 |
| 005 |
20161116090000.0 |
| 007 |
##ta |
| 008 |
161116s2016 -us eng |
| 020 |
# |
# |
|a 9781523448890
|
| 040 |
# |
# |
|a MATR
|
| 090 |
0 |
0 |
|a B 658.5
|b BAR
|
| 100 |
1 |
# |
|a Barone, Anothony
|e author
|
| 245 |
0 |
0 |
|a Managing Global Logistics for Business Growth :
|b A guide for small to medium enterprises pursuing the global markets through cross border trade (export/import)
|c Anthony Barone.
|
| 264 |
# |
4 |
|a ♭2016.
|
| 264 |
# |
1 |
|a New york:
|b Buoyant Capital,
|c 2016.
|
| 300 |
# |
# |
|a 95 pages;
|c 21 cm.
|
| 336 |
# |
# |
|a text
|2 rdacontent
|
| 337 |
# |
# |
|a unmediated
|2 rdamedia
|
| 338 |
# |
# |
|a volume
|2 rdacarrier
|
| 650 |
# |
0 |
|a Business logistics
|
| 999 |
|
|
|a B000038191
|b Book
|c Book
|e Business Information Centre
|